<?xml version="1.0" encoding="UTF-8"?>
<record
    xmlns:xsi="http://www.w3.org/2001/XMLSchema-instance"
    xsi:schemaLocation="http://www.loc.gov/MARC21/slim http://www.loc.gov/standards/marcxml/schema/MARC21slim.xsd"
    xmlns="http://www.loc.gov/MARC21/slim">

  <leader>01542nam a22001697a 4500</leader>
  <controlfield tag="008">190919b        xxu||||| |||| 00| 0 eng d</controlfield>
  <datafield tag="020" ind1=" " ind2=" ">
    <subfield code="a">9788123922508</subfield>
  </datafield>
  <datafield tag="050" ind1=" " ind2=" ">
    <subfield code="a">REF</subfield>
  </datafield>
  <datafield tag="100" ind1=" " ind2=" ">
    <subfield code="a">Hasan, Seema.</subfield>
  </datafield>
  <datafield tag="245" ind1=" " ind2=" ">
    <subfield code="a">Mass communication: principles and concepts. /</subfield>
    <subfield code="c">Seema Hasan.</subfield>
  </datafield>
  <datafield tag="250" ind1=" " ind2=" ">
    <subfield code="a">2nd ed.</subfield>
  </datafield>
  <datafield tag="260" ind1=" " ind2=" ">
    <subfield code="a">New Delhi :</subfield>
    <subfield code="b">CBS Publishers,</subfield>
    <subfield code="c">2013.</subfield>
  </datafield>
  <datafield tag="300" ind1=" " ind2=" ">
    <subfield code="a">xvi, 844 p. :</subfield>
    <subfield code="b">ill. ;</subfield>
    <subfield code="c">24 cm.</subfield>
  </datafield>
  <datafield tag="500" ind1=" " ind2=" ">
    <subfield code="a">Includes index.</subfield>
  </datafield>
  <datafield tag="505" ind1=" " ind2=" ">
    <subfield code="a">Unit 1: Principles of communication: Introduction to communication -- History of communication -- Types of communication -- Barriers to communication -- Essentials of communication -- Process of communication -- Unit 2: Introduction to mass communication: What is mass communication? -- Functions of mass communication -- Communication vs mass communication -- Elements of mass communication -- Tools of mass communication -- Mass communication and society -- Models and theories of communication -- Unit 3: Journalism: Journalism -- News reporting -- Editing -- Newspaper printing and management -- Unit 4: Broadcast media: Television -- Camera -- Radio -- Unit 5: Advertising and public relations: Advertising -- Public relations -- Unit 6: Press laws and media ethics: Press laws -- Media ethics --  Unit 7: Media research and organisations: Research methodologies for media -- Government information systems -- Unit 8: New media technologies: Media technologies -- World media scenario -- Unit 9: Photography  and photojournalism -- Unit 10: Recent trends in mass communication.</subfield>
  </datafield>
  <datafield tag="942" ind1=" " ind2=" ">
    <subfield code="2">lcc</subfield>
    <subfield code="c">REF</subfield>
  </datafield>
  <datafield tag="999" ind1=" " ind2=" ">
    <subfield code="c">6967</subfield>
    <subfield code="d">14467</subfield>
  </datafield>
  <datafield tag="952" ind1=" " ind2=" ">
    <subfield code="0">0</subfield>
    <subfield code="1">0</subfield>
    <subfield code="2">lcc</subfield>
    <subfield code="4">0</subfield>
    <subfield code="7">0</subfield>
    <subfield code="a">WIUC-1</subfield>
    <subfield code="b">WIUC-1</subfield>
    <subfield code="c">REF</subfield>
    <subfield code="d">2019-09-19</subfield>
    <subfield code="l">0</subfield>
    <subfield code="o">REF</subfield>
    <subfield code="p">8547/141/19</subfield>
    <subfield code="r">2019-09-19 00:00:00</subfield>
    <subfield code="w">2019-09-19</subfield>
    <subfield code="y">REF</subfield>
  </datafield>
  <datafield tag="952" ind1=" " ind2=" ">
    <subfield code="0">0</subfield>
    <subfield code="1">0</subfield>
    <subfield code="2">lcc</subfield>
    <subfield code="4">0</subfield>
    <subfield code="7">0</subfield>
    <subfield code="a">WIUC-KL</subfield>
    <subfield code="b">WIUC-KL</subfield>
    <subfield code="c">GEN</subfield>
    <subfield code="d">2019-11-14</subfield>
    <subfield code="e">WIUC</subfield>
    <subfield code="l">0</subfield>
    <subfield code="o">P90.H34(2e)</subfield>
    <subfield code="p">K/2212/2212/19</subfield>
    <subfield code="r">2022-03-10 00:00:00</subfield>
    <subfield code="t">1</subfield>
    <subfield code="w">2019-09-19</subfield>
    <subfield code="y">REF</subfield>
  </datafield>
  <datafield tag="952" ind1=" " ind2=" ">
    <subfield code="0">0</subfield>
    <subfield code="1">0</subfield>
    <subfield code="2">lcc</subfield>
    <subfield code="4">0</subfield>
    <subfield code="7">0</subfield>
    <subfield code="a">WIUC-KL</subfield>
    <subfield code="b">WIUC-KL</subfield>
    <subfield code="c">GEN</subfield>
    <subfield code="d">2019-11-14</subfield>
    <subfield code="e">WIUC</subfield>
    <subfield code="l">0</subfield>
    <subfield code="o">P90.H341(2e)</subfield>
    <subfield code="p">K/2213/2213/19</subfield>
    <subfield code="r">2022-03-10 00:00:00</subfield>
    <subfield code="t">2</subfield>
    <subfield code="w">2019-09-19</subfield>
    <subfield code="y">REF</subfield>
  </datafield>
</record>
